Normal view
MARC view
Entry Personal Name
001 - CONTROL NUMBER
- control field: 68560
003 - CONTROL NUMBER IDENTIFIER
- control field: dpl
005 - DATE AND TIME OF LATEST TRANSACTION
- control field: 20240718161334.0
008 - FIXED-LENGTH DATA ELEMENTS
- fixed length control field: 240718|| aca||aabn | a|a d
040 ## - CATALOGING SOURCE
- Original cataloging agency: dpl
- Transcribing agency: dpl
100 ## - HEADING--PERSONAL NAME
- Personal name: Sreeekanth, T
670 ## - SOURCE DATA FOUND
- Source citation: Work cat.: (dpl)204193: Sreeekanth, T, To Bombay with Love P.Jairaj's Life, Times & Films/, 2011
